000 nam a22 7a 4500
999 _c26858
_d26858
008 170206b xxu||||| |||| 00| 0 eng d
020 _a1564964426
050 _aNK2115.5 .C6I575 1998
245 _aInteriors in Red /
260 _aGloucester:
_bRockport,
_c1998.
300 _a96 p.:
_bill.;
_c28cm.
500 _aincludes index.
650 _2interiors
942 _2lcc
_cBOOKS
_hNK2115.5 .C6I575 1998
_k34492